[Event "Hoogeveen Amateurs op 25th"]
[Site "Hoogeveen"]
[Date "2022.10.16"]
[Round "2.23"]
[White "Van Den Berg, Leon"]
[Black "Schol Grin, Anneke"]
[Result "1-0"]
[WhiteElo "1216"]
[BlackElo "1583"]
[PlyCount "89"]
[EventDate "2022.10.15"]
[EventType "swiss"]
[EventRounds "7"]
[EventCountry "NED"]
[SourceTitle "CBM 210 Extra"]
[Source "ChessBase"]
[SourceDate "2022.11.30"]
[SourceVersion "1"]
[SourceVersionDate "2022.11.30"]
[SourceQuality "1"]

1. e4 c6 2. d4 d5 3. exd5 cxd5 4. Nf3 Bf5 5. Bd3 Bxd3 6. Qxd3 Nc6 7. c3 Nf6 8. Bf4 e6 9. Nbd2 Be7 10. 0-0 0-0 11. h3 Rc8 12. Nb3 Ne4 13. Nbd2 Nxd2 14. Qxd2 Bf6 15. Rfe1 Re8 16. Re2 b5 17. a3 Na5 18. Rae1 Nc4 19. Qc1 Qa5 20. Nd2 Nxd2 21. Qxd2 Be7 22. Re3 Qd8 23. h4 Bf8 24. h5 Kh8 25. Rf3 f6 26. Rfe3 Qd7 27. Qe2 e5 28. dxe5 fxe5 29. Bxe5 Kg8 30. Bd4 Rxe3 31. Qxe3 Rc7 32. Qe6+ Kh8 33. h6 Qxe6 34. Rxe6 Kg8 35. hxg7 Bxg7 36. Bxg7 Kxg7 37. Rd6 Re7 38. Kf1 a5 39. Rxd5 Rb7 40. Rd4 Kf6 41. g4 Kg5 42. Kg2 Kh4 43. f3 Re7 44. Kf2 Rb7 45. Rd5 1-0